000 01229nam a2200241Ia 4500
999 _c37791
_d37791
001 3768
003 GE_BSU
005 20190806163152.0
008 181216s1960||||ge |||||||||||||| ||geo||
040 _cGE_BSU
041 _ageo
080 _a094(479.22) მ–86
100 _aმოსხი, იოანე.
_93422
245 _aლიმონარი /
_cტექსტი გამოკვლევითა და ლექსიკონით გამოსცა ილია აბულაძემ ; საქ. სსრ მეცნ. აკად., ხელნაწერთა ინ-ტი.
264 _aთბილისი :
_bსაქ–ს სსრ მეცნ. აკად. გამ–ბა,
_c1960.
300 _a169 გვ. ;
_b22 სმ.
501 _aდანართი:"ლექსიკონი და საძიებელი" გვ.145-69.
504 _aბიბლიოგრ. შენიშვნებში.
546 _aგაშლილი თავფურც. რუს. ენ.
653 _aლიმონარი
710 _a საქ. სსრ მეცნ. აკად., ხელნაწერთა ინ-ტი.
_93423
942 _cBK
_2udc